000 00810naa a2200205 4500
001 150507
003 ES-MaBCM
005 20241016185408.0
008 070719s2007 esp|r0p 0 ||spa d
021 _axx
035 _a(OCoLC)1365188244
040 _cES-MaBCM
100 1 _aGavidia Sánchez, Julio Vicente
_918327
245 0 0 _aEspañoles / extranjeros
_cJulio V. Gavidia Sánchez
520 3 _aLa distinción español/extranjero en la Constitución de 1978. Los derechos de los extranjeros en la Ley reguladora de los derechos y libertades de los extranjeros en España y su integración social.
650 2 7 _aExtranjero
_958669
651 2 4 _aEspaña
_9115342
773 0 _aEn:
_tRevista española de derecho internacional
_dMadrid
_w104609
_gV. LVIII, n. 1 (en.-jun. 2006), p. 61-117
942 _cAREV
999 _c150507
_d150507